000 00525cam a2200217ua 4500
020 _c8.00
041 _aeng
_h
082 _a030
_bSAR/HI
100 _aSarkar, S C .
245 _aHindustan year book and who`s who /
_cS C Sarkar.
_hTextual Documents
250 _a1 /
_b.
260 _aCalcutta :
_bM C Sarkar and sons pvt ltd ,
_c1967.
300 _a226 ; .
365 _a8.00
500 _a10977 Ref
504 _a
942 _cBK
999 _c8656
_d8656